| 000 | 00845nam a2200217 i 4500 | ||
|---|---|---|---|
| 001 | 182602 | ||
| 003 | ES-MaACL | ||
| 005 | 20251115063321.0 | ||
| 008 | 131001s1871 sp a |||| | spa d | ||
| 080 | _a908(671.8 Fernando Poo) | ||
| 100 | 1 |
_aSan Javier, José Muñoz y Gaviria, _cVizconde de, _dn. 1831 _9153514 |
|
| 245 | 1 | 0 |
_aÁfrica : _bislas de Fernando Póo, Corisco y Annobón / _cpor José Muñoz y Gaviria, vizconde de San Javier. |
| 260 |
_aMadrid : _bRubio, Grilo y Vitturi, _c1871. |
||
| 300 |
_a16 p., [1] h. de lám. ; _c32 cm. |
||
| 490 | 1 | _aCrónica general de España | |
| 651 | 4 |
_aFernando Poo- _xHistoria. _9137231 |
|
| 651 |
_aFernando Poo- _xDescripción. _98652 |
||
| 830 | 0 |
_aCrónica general de España _9181791 |
|
| 852 |
_aES-MaACL _jC-1578(5) _z.- Encuadernado con otras obras |
||
| 999 |
_c182602 _d182602 |
||